00569nam a2200181Ia 450000500170000000800460001702000220006303700130008504000200009804100130011808400230013110000140015424500560016826000360022430000140026036500130027454601000028720250508165934.0008 250505s9999 xx 000 0 eng d a978-0-815-34919-8 aTextBook aFEDLbengcFEDL aeng2eng a370.1, COL/RqFEDL aCole Mike 0aMarxism and educational theory : Origins and issues aNew Delhi, IndiabManoharc2008 axx, 181p. aINRb595 aAcc. No. 91956 photocopy and gifted by H.O.D. Namita Ranganathan memory of Prof. Arvind Gaysu